000239200 001__ 239200
000239200 005__ 20210922173045.0
000239200 0247_ $$2GEPRIS$$aG:(GEPRIS)5115618$$d5115618
000239200 0247_ $$2Dimensions$$aG:(Dimensions)grant.4744311$$dgrant.4744311
000239200 035__ $$aG:(GEPRIS)5115618
000239200 150__ $$aHerstellung von dünnen Lanthangallat-Membranen für oxidkeramische Brennstoffzellen durch Laserdeposition, Kathodenzerstäubung und elektrochemische Gasphasenabscheidung$$y1998-01-01 - 2002-12-31
000239200 5101_ $$0I:(DE-588b)2007744-0 $$aGerman Research Foundation$$bDFG
000239200 680__ $$aZiel dieses Projektes ist die Entwicklung von Beschichtungstechnologien für die Realisierung oxidkeramischer Brennstoffzellen mit dünnen Elektrolytschichten von maximal 2 µm Dicke vorzugsweise aus Lanthangallat.Bei Schichtdicken dieser Größenordnung müsse
000239200 909CO $$ooai:juser.fz-juelich.de:895055$$pauthority$$pauthority:GRANT
000239200 909CO $$ooai:juser.fz-juelich.de:895055
000239200 980__ $$aG
000239200 980__ $$aAUTHORITY